000 004560000a22001810004500
003 MACL
005 20150707130659.0
008 150707b xxu||||| |||| 00| 0 eng d
040 _aMACL
_cMACL
041 _aEnglish
082 _a307/KRI
100 _aKrishnaraj, Maithreyi
_9481
245 _aWomen and Science
_bSelected Essays
260 _bHimalaya publishing House
_c1991
_aBombay
350 _a275
650 _aSociology
_919
942 _cBK
_k307
_2ddc
999 _c4609
_d4609